01075cam a2200325 a 4500001000700000003000700007005001700014008004100031020004700072040003000119041001300149042000900162084001800171100001400189240005800203245010800261246003200369250001100401260004300412300004100455500001400496500005600510504003000566650001900596650002500615650003100640700001400671700001400685765005000699625642yeezen20250701152859.0240807s2024 ch ad g b 001 0 chi d a9789863684756q(平裝) :c新臺幣380元 aCIPbchicFGULdFGULeccr1 achihjpn anbic a417.82ncsclt1 a川越厚10aがん患者の在宅ホスピスケアl中文10a居家安寧療護必修課 :b癌症患者的最終旅程 /c川越厚原著 ; 張意惠, 黃千睿譯30a癌症患者的最終旅程 a初版 a新北市汐止區 :b合記,c2024.02 a9, 222面 :b圖, 表格 ;c23公分 a含索引 a附錄: 本書中相關關鍵術語的定義等4種 a參考書目: 面210-213. 7a癌症2lcstt. 7a安寧照護2lcstt. 7a生命終期照護2lcstt.1 a張意惠1 a黃千睿0 tがん患者の在宅ホスピスケア